| 000 | 00703nam a22001817a 4500 | ||
|---|---|---|---|
| 008 | 090618t xxu||||| |||| 00| 0 eng d | ||
| 020 | _a0412119706 | ||
| 082 |
_218 _a671.35 _bMCG |
||
| 100 |
_aMcGeough _d1940- _qJ. A. (Joseph Anthony), _96430 |
||
| 245 |
_aPrinciples of Electrochemical Machining / _cJ.A. McGeough. |
||
| 260 |
_aLondon : _bChapman and Hall, _cc1974. |
||
| 300 |
_axv, 255p. : _bill. ; _c24cm. |
||
| 500 | _aIncludes index. | ||
| 650 |
_aElectrochemical cutting. _96431 |
||
| 650 |
_aMetals Electrochemical machining _96432 |
||
| 942 |
_2ddc _cBB |
||
| 999 |
_c11889 _d11889 |
||